000 00643nam a2200205 i 4500
001 139904
003 ES-MaACL
005 20250830020104.0
007 t|
008 070214s1970 sp |||| | spa d
100 1 _aSchmaus, Michael.
_9104445
245 1 3 _aEl credo de la Iglesia Católica
_b: orientación posconciliar /
_cMichael Schmaus ; [versión... por Raúl Gabás].
260 _aMadrid :
_bRialp,
_c1970.
300 _a2 v. ;
_c23 cm.
600 0 4 _aJesucristo.
_966361
650 0 7 _aTeología dogmática
_2embne
_917468
700 1 _aGabás Pallás, Raúl.
_953124
852 _aES-MaACL
_jC-41084-85
999 _c139904
_d139904